Gaming Quiz

Random Gaming or Alphabet Quiz

Pokémon by Letter (Each Generation) Quiz Stats

 Plays Quiz Updated Feb 14, 2017

Also try: Pokémon Types
Challenge
Share
Tweet
Embed
Score 0/152 Timer 12:00
1 Play Today
Generation Pokemon % Correct
#1 - #151Bulbasaur...
91.1%
#1 - #151Arbok...
90.9%
#1 - #151Charmander...
90.7%
#1 - #151Pidgey...
87%
#1 - #151Metapod...
85%
#1 - #151Golbat...
83.1%
#1 - #151Ekans...
82.8%
#1 - #151Squirtle...
82.8%
#1 - #151Diglett...
81.7%
#1 - #151Venusaur...
80.1%
#1 - #151Jigglypuff...
79%
#1 - #151Zubat...
78.6%
#1 - #151Rattata...
77.4%
#1 - #151Kakuna...
76.3%
#1 - #151Wartortle...
75.4%
#1 - #151Fearow...
75.3%
#1 - #151Oddish...
70.8%
#1 - #151Haunter...
69.5%
#1 - #151Nidoran...
65.1%
#152 - #251Chikorita...
63.8%
#1 - #151Tentacool...
62%
#1 - #151Lickitung...
60.9%
#152 - #251Typhlosion...
59.7%
#152 - #251Sentret...
59.4%
#152 - #251Hoothoot...
58.8%
#1 - #151Ivysaur
55.6%
#152 - #251Meganium...
55.2%
#152 - #251Umbreon...
55.1%
#252 - #386Sceptile...
54.9%
#152 - #251Espeon...
54.3%
#252 - #386Mudkip...
53.3%
#252 - #386Treecko...
52.6%
#152 - #251Ariados...
51.1%
#252 - #386Blaziken...
50.2%
#152 - #251Ledyba...
49.6%
#252 - #386Grovyle...
49.6%
#152 - #251Quilava...
49.6%
#387 - #493Piplup...
49.5%
#152 - #251Pichu...
49.3%
#152 - #251Bayleef...
49.2%
#152 - #251Feraligatr...
48.4%
#252 - #386Combusken...
46.8%
#387 - #493Grotle...
46%
#252 - #386Wurmple...
46%
#152 - #251Noctowl...
45.9%
#252 - #386Ralts...
45.4%
#152 - #251Xatu
45.3%
#650 - #721Fennekin...
45.1%
#252 - #386Linoone...
44.9%
#152 - #251Igglybuff
44.5%
#650 - #721Xerneas
44.3%
Generation Pokemon % Correct
#387 - #493Monferno...
44.1%
#494 - #649Snivy...
43.3%
#387 - #493Chimchar...
43.2%
#387 - #493Turtwig...
42.8%
#252 - #386Azurill...
42.7%
#650 - #721Yveltal
42.1%
#152 - #251Yanma
41.9%
#387 - #493Luxio...
41.8%
#252 - #386Zigzagoon...
41.7%
#650 - #721Zygarde
41.5%
#494 - #649Tepig...
40.5%
#252 - #386Kirlia...
40.3%
#722 - #801Litten...
40.1%
#650 - #721Delphox...
39.9%
#387 - #493Bidoof...
39.2%
#650 - #721Greninja...
39.2%
#650 - #721Chespin...
38.7%
#722 - #801Popplio...
37.8%
#387 - #493Ambipom...
37.1%
#722 - #801Rowlet...
35.9%
#152 - #251Remoraid...
35.9%
#494 - #649Zebstrika...
35.6%
#252 - #386Dustox...
35.6%
#722 - #801Torracat...
35.3%
#387 - #493Empoleon...
35.1%
#387 - #493Drifloon...
35%
#387 - #493Starly...
34.9%
#650 - #721Scatterbug...
34.8%
#152 - #251Wooper...
33.7%
#494 - #649Emboar...
33.6%
#252 - #386Nuzleaf...
33.5%
#494 - #649Dewott...
33.3%
#152 - #251Dunsparce...
33.2%
#722 - #801Dartrix...
32.6%
#494 - #649Pignite...
32.5%
#387 - #493Roserade...
32.4%
#494 - #649Oshawott
31.7%
#152 - #251Girafarig...
31.4%
#387 - #493Infernape
31.4%
#650 - #721Braixen...
30.9%
#152 - #251Octillery
30.7%
#494 - #649Victini...
30.6%
#252 - #386Poochyena...
30.4%
#387 - #493Yanmega
30.4%
#722 - #801Brionne...
29.6%
#650 - #721Aegislash...
29.3%
#252 - #386Vigoroth...
28%
#650 - #721Honedge...
27.9%
#722 - #801Shiinotic...
27.2%
#494 - #649Roggenrola...
27.2%
#387 - #493Honchkrow...
27.2%
Generation Pokemon % Correct
#494 - #649Krokorok...
26.9%
#494 - #649Lillipup...
26.8%
#494 - #649Blitzle...
26.6%
#650 - #721Talonflame...
26.4%
#494 - #649Conkeldurr...
26.2%
#722 - #801Charjabug...
26.2%
#722 - #801Mareanie...
26.1%
#152 - #251Jumpluff
26%
#722 - #801Incineroar
25.9%
#650 - #721Quilladin
25.8%
#494 - #649Gigalith...
25.6%
#494 - #649Audino...
25.2%
#650 - #721Pyroar...
24.8%
#722 - #801Gumshoos...
23.9%
#252 - #386Flygon...
22.7%
#387 - #493Uxie
22.6%
#252 - #386Jirachi
22.3%
#252 - #386Hariyama...
22.3%
#152 - #251Kingdra
22.1%
#494 - #649Herdier...
21.2%
#252 - #386Exploud...
21.1%
#494 - #649Watchog...
20.8%
#650 - #721Vivillon...
20.7%
#387 - #493Floatzel...
20.5%
#494 - #649Munna...
20.2%
#722 - #801Komala...
19.4%
#252 - #386Illumise
19%
#650 - #721Litleo
18.9%
#650 - #721Meowstic...
18.5%
#722 - #801Oricorio...
18.5%
#722 - #801Yungoos
18.4%
#387 - #493Wormadam...
18.3%
#722 - #801Xurkitree
18.2%
#650 - #721Klefki
18.2%
#722 - #801Wishiwashi...
18%
#650 - #721Inkay
17.7%
#722 - #801Nihilego...
17.5%
#494 - #649Foongus...
17.4%
#650 - #721Noibat...
17.2%
#494 - #649Jellicent...
17%
#650 - #721Espurr
17%
#722 - #801Vikavolt
16.9%
#494 - #649Yamask
15.3%
#494 - #649Unfezant
14.4%
#387 - #493Kricketot...
13.9%
#387 - #493Vespiquen
13.6%
#722 - #801Jangmo-o
12.8%
#722 - #801Araquanid
12.7%
#722 - #801Fomantis
11.7%
#722 - #801Hakamo-o
10.9%

You're not logged in!

Compare scores with friends on all Sporcle quizzes.
Join for Free
OR
Log In

You Might Also Like...

Show Comments

Extras

Top Quizzes Today


Score Distribution

Your Account Isn't Verified!

In order to create a playlist on Sporcle, you need to verify the email address you used during registration. Go to your Sporcle Settings to finish the process.

Report this User

Report this user for behavior that violates our Community Guidelines.

Details: